Pozsonyi magyarok: Vagytok vagy nem vagytok?!

Bibliographic Details
Main Author: Ferenczy, va (Author)
Format: Article
Language:Hungarian
Subjects:

MARC

LEADER 00000nab a2200000 a 4500
001 vtls000826128
003 SK-MaSNL
005 20260318124340.0
008 160405c2003 xo 0 hun
015 |a SNBRB2003/02-05932 
035 |a CLN000177783 
040 |a SNKBUCL  |b slo  |c SNKBUCL  |e AACR2 
041 0 |a hun 
044 |a xo  |c SK 
080 |a 373.3(437.6=945.11):371.212.1  |2 1997 
100 1 |a Ferenczy, va  |4 aut  |9 844205 
245 1 0 |a Pozsonyi magyarok: Vagytok vagy nem vagytok?!  |c Ferenczy va 
300 |b Fotogr. 
610 7 |a Základná škola s vyučovacím jazykom maďarským, Dunajská ul. (Bratislava, Slovensko)  |2 snkbucl  |9 1033626 
650 0 7 |a deti maďarské  |x zápis  |2 snkbucl  |9 1282418 
651 7 |a Bratislava (Slovensko)  |2 snkbucl  |9 14568 
655 7 |a články z novín a časopisov  |2 snkbucl  |9 267496 
773 0 |x 1335-6631  |t Szabad újság  |g Roč. 11, č. 4 (2003), s. 9 
850 |a Slovenská národná knižnica v Martine 
852 |a SNK  |b KIS3GCP 
958 |a HU 
958 |a SK 
958 |a RBX 
999 |c 2548421  |d 2550351